000
00222nam a22000977a 4500
082
_a
356.1 INF'A
245
_a
INFANTRY MADIAN JANG MAIN
260
_a
RAWALPINDI
_b
ARMY EDUCATION PRESS
_c
1990
300
_a
328P
942
_c
BK
999
_c
585463
_d
585463